|
|
|
|
| LEADER |
00000nam0a2200000 4500 |
| 001 |
73543 |
| 005 |
20231101212719.0 |
| 010 |
|
|
|a 523025968X
|
| 035 |
|
|
|a (RuTPU)RU\TPU\book\78473
|
| 090 |
|
|
|a 73543
|
| 100 |
|
|
|a 20050218d1993 k y0rusy50 ca
|
| 101 |
0 |
|
|a rus
|
| 102 |
|
|
|a RU
|
| 105 |
|
|
|a a z 001zy
|
| 200 |
1 |
|
|a Исследования в области инструментального производства и обработки металлов резанием
|e сборник научных трудов
|f Тульский государственный технический университет; Под ред. В. Б. Протасьева
|
| 210 |
|
|
|a Тула
|c Изд-во Тульского политехнического ин-та
|d 1993
|
| 215 |
|
|
|a 148 с.
|c ил.
|
| 320 |
|
|
|a Библиогр. в конце статей
|
| 606 |
|
|
|a Инструментальное производство
|x Автоматизация
|2 stltpush
|3 (RuTPU)RU\TPU\subj\12680
|
| 606 |
|
|
|a Резание металлов
|x Исследование
|2 stltpush
|3 (RuTPU)RU\TPU\subj\24533
|9 48862
|
| 610 |
1 |
|
|a сборники
|
| 675 |
|
|
|a 621.753.5
|v 3
|
| 675 |
|
|
|a 621.91.01
|v 3
|
| 702 |
|
1 |
|a Протасьев
|b В. Б.
|g Виктор Борисович
|4 340
|
| 712 |
0 |
2 |
|a Тульский государственный технический университет
|2 stltpush
|3 (RuTPU)RU\TPU\col\3983
|
| 801 |
|
1 |
|a RU
|b 63413507
|c 20050218
|g PSBO
|
| 801 |
|
2 |
|a RU
|b 63413507
|c 20180425
|g PSBO
|
| 942 |
|
|
|c BK
|